Histoire du drapeau de la Bolivie - Statistiques

Statistiques générales
  • Ce quiz a été pris 57 fois
  • Le résultat moyen est 4 sur 6
Statistiques - réponses
Hint Réponse % Correct
Troisième drapeau de la Bolivie (drapeau actuel depuis 1851)
93%
Confédération péruvio-bolivienne (1836-1839)
82%
Deuxième drapeau de l'empire espagnol (1785-1825)
76%
Premier drapeau de l'empire espagnol (1539-1785)
76%
Deuxième drapeau de la Bolivie (1826-1836 et 1839-1851)
56%
Premier drapeau de la Bolivie (1825-1826)
24%
Aucun quiz correspondant
Distribution des résultats
% des personnes avec chaque résultat
Percentile par nombre de réponses
Votre historique - résultats
Vous n’avez pas pris ce quiz